Расчет хода луча через однополостную поверхность с осевой симметрией; Вестник Московского университета МВД России; № 2

Bibliographische Detailangaben
Parent link:Вестник Московского университета МВД России.— , 2003-
№ 2.— 2013.— [С. 223-225]
1. Verfasser: Агапов Н. А. Николай Афанасьевич
Weitere Verfasser: Кулешов В. К. Валерий Константинович, Корнев В. А.
Zusammenfassung:Заглавие с экрана
В работе рассмотрен векторно-матричный метод расчета хода луча через однополостные (преломляющие или отражающие) поверхности второго порядка с осевой симметрией. Приведена сводка формул. Формулы справедливы для падения луча как на внутреннюю сторону поверхности, так и на внешнюю
Режим доступа: по договору с организацией-держателем ресурса
Sprache:Russisch
Veröffentlicht: 2013
Schlagworte:
Online-Zugang:http://elibrary.ru/item.asp?id=18939512
Format: MixedMaterials Elektronisch Buchkapitel
KOHA link:https://koha.lib.tpu.ru/cgi-bin/koha/opac-detail.pl?biblionumber=637399

MARC

LEADER 00000nla0a2200000 4500
001 637399
005 20250418114349.0
035 |a (RuTPU)RU\TPU\network\1524 
090 |a 637399 
100 |a 20140909d2013 k||y0rusy50 ca 
101 0 |a rus 
102 |a RU 
135 |a drcn ---uucaa 
181 0 |a i  
182 0 |a b 
200 1 |a Расчет хода луча через однополостную поверхность с осевой симметрией  |f Н. А. Агапов, В. К. Кулешов, В. А. Корнев 
203 |a Текст  |c электронный 
300 |a Заглавие с экрана 
320 |a [Библиогр.: с. 225 (1 назв.)] 
330 |a В работе рассмотрен векторно-матричный метод расчета хода луча через однополостные (преломляющие или отражающие) поверхности второго порядка с осевой симметрией. Приведена сводка формул. Формулы справедливы для падения луча как на внутреннюю сторону поверхности, так и на внешнюю 
333 |a Режим доступа: по договору с организацией-держателем ресурса 
461 |t Вестник Московского университета МВД России  |d 2003- 
463 |t № 2  |v [С. 223-225]  |d 2013 
610 1 |a электронный ресурс 
610 1 |a труды учёных ТПУ 
610 1 |a однополостные поверхности 
610 1 |a ходы 
610 1 |a лучи 
610 1 |a расход 
700 1 |a Агапов  |b Н. А.  |c специалист в области светотехники  |c доцент Томского политехнического университета, кандидат технических наук  |f 1951-  |g Николай Афанасьевич  |3 (RuTPU)RU\TPU\pers\28176  |9 13134 
701 1 |a Кулешов  |b В. К.  |c специалист в области неразрушающего контроля  |c профессор Томского политехнического университета, доктор технических наук  |f 1939-  |g Валерий Константинович  |3 (RuTPU)RU\TPU\pers\19828 
701 1 |a Корнев  |b В. А. 
801 2 |a RU  |b 63413507  |c 20140909  |g RCR 
850 |a 63413507 
856 4 |u http://elibrary.ru/item.asp?id=18939512 
942 |c CF